<?xml version="1.0" encoding="UTF-8"?>
<record
    xmlns:xsi="http://www.w3.org/2001/XMLSchema-instance"
    xsi:schemaLocation="http://www.loc.gov/MARC21/slim http://www.loc.gov/standards/marcxml/schema/MARC21slim.xsd"
    xmlns="http://www.loc.gov/MARC21/slim">

  <leader>01550nam a2200217 a 4500</leader>
  <controlfield tag="001">000085213</controlfield>
  <controlfield tag="005">20200120224907.0</controlfield>
  <controlfield tag="008">180629s2017    ck     e||   |000|||spa d</controlfield>
  <datafield tag="020" ind1=" " ind2=" ">
    <subfield code="a">9789584263667</subfield>
  </datafield>
  <datafield tag="020" ind1=" " ind2=" ">
    <subfield code="a">9584263668</subfield>
  </datafield>
  <datafield tag="041" ind1=" " ind2=" ">
    <subfield code="a">spa</subfield>
  </datafield>
  <datafield tag="043" ind1=" " ind2=" ">
    <subfield code="a">s-ck---</subfield>
  </datafield>
  <datafield tag="090" ind1=" " ind2=" ">
    <subfield code="a">JN</subfield>
    <subfield code="b">ALVJru</subfield>
  </datafield>
  <datafield tag="100" ind1="1" ind2=" ">
    <subfield code="a">&#xC1;lvarez, Juan</subfield>
  </datafield>
  <datafield tag="245" ind1="1" ind2="0">
    <subfield code="a">La ruidosa marcha de los mudos /</subfield>
    <subfield code="c">Juan &#xC1;lvarez.</subfield>
  </datafield>
  <datafield tag="260" ind1=" " ind2=" ">
    <subfield code="a">Bogot&#xE1; :</subfield>
    <subfield code="b">Seix Barral,</subfield>
    <subfield code="c">2017.</subfield>
  </datafield>
  <datafield tag="300" ind1=" " ind2=" ">
    <subfield code="a">214 p&#xE1;ginas.</subfield>
  </datafield>
  <datafield tag="520" ind1=" " ind2=" ">
    <subfield code="a">"El a&#xF1;o es 1808 y desde los cerros un rumor de agitaci&#xF3;n se extiende por Santaf&#xE9;de Bogot&#xE1;. No son buenos tiempos para ser realista ni para ser patriota porque en el Virreinato del Nuevo Reino de Granada los h&#xE9;roes duran poco, sobre todo los mudos sin armas, como Jos&#xE9;Mar&#xED;a Caballero. La ruidosa marcha de los mudos reconstruye la voz de un hombre que no pronunci&#xF3;palabra y qued&#xF3;en el olvido de nuestra historia. Al tomar como gatillo el diario que Caballero llev&#xF3;a lo largo de su vida, esta novela recrea una &#xE9;poca marcada por el &#xE1;nimo de independencia, pero lo hace desde el eco de los civiles y sus rutinas en lugar de fijar la mirada en los pr&#xF3;ceres y sus batallas. Juan &#xC1;lvarez demuestra aqu&#xED;una ambici&#xF3;n expresiva pocas veces vista al conseguir un lenguaje que amaga con ser fiel a su &#xE9;poca aunque acaba por revelarse extra&#xF1;amente contempor&#xE1;neo. En esa dualidad se advierte una met&#xE1;fora de lo que somos: esta novela nos recuerda que el poder no est&#xE1;hecho para los an&#xF3;nimos."</subfield>
  </datafield>
  <datafield tag="650" ind1="1" ind2="4">
    <subfield code="a">Novela colombiana</subfield>
  </datafield>
  <datafield tag="650" ind1="2" ind2="4">
    <subfield code="a">Literatura colombiana</subfield>
  </datafield>
  <datafield tag="999" ind1=" " ind2=" ">
    <subfield code="c">11600</subfield>
    <subfield code="d">11600</subfield>
  </datafield>
  <datafield tag="952" ind1=" " ind2=" ">
    <subfield code="0">0</subfield>
    <subfield code="1">0</subfield>
    <subfield code="2">ddc</subfield>
    <subfield code="4">0</subfield>
    <subfield code="7">0</subfield>
    <subfield code="8">LJ</subfield>
    <subfield code="a">BPMOS</subfield>
    <subfield code="b">BPMOS</subfield>
    <subfield code="d">2020-01-20</subfield>
    <subfield code="i">NT</subfield>
    <subfield code="l">2</subfield>
    <subfield code="o">JN ALVJru</subfield>
    <subfield code="p">MOS019357</subfield>
    <subfield code="r">2026-02-09</subfield>
    <subfield code="s">2026-01-26</subfield>
    <subfield code="t">ej.1</subfield>
    <subfield code="w">2020-01-20</subfield>
    <subfield code="y">BKLIT</subfield>
    <subfield code="z">Quince d&#xED;as</subfield>
  </datafield>
</record>
